UBT Library

Journal of legal medicine: (Record no. 1768)

000 -LEADER
fixed length control field 00301nam a22001217a 4500
008 - FIXED-LENGTH DATA ELEMENTS--GENERAL INFORMATION
fixed length control field 160504b xxu||||| |||| 00| 0 eng d
020 ## - INTERNATIONAL STANDARD BOOK NUMBER
International Standard Book Number 01947648(2014)35(1)
020 ## - INTERNATIONAL STANDARD BOOK NUMBER
International Standard Book Number 01947648
041 ## - LANGUAGE CODE
Language code of text/sound track or separate title eng
080 ## - UNIVERSAL DECIMAL CLASSIFICATION NUMBER
Universal Decimal Classification number 61
245 ## - TITLE STATEMENT
Title Journal of legal medicine:
Statement of responsibility, etc Journal of Legal Medicine;
942 ## - ADDED ENTRY ELEMENTS (KOHA)
Source of classification or shelving scheme
Item type Books
Holdings
Withdrawn status Lost status Source of classification or shelving scheme Damaged status Not for loan Collection code Permanent location Current location Shelving location Date acquired Total Checkouts Full call number Barcode Date last seen Price effective from Koha item type
          Koleksioni i përgjithshem UBT - Lipjan UBT - Lipjan Koleksioni i përgjithshem 05/04/2016   61 MED 002-035490 05/04/2016 05/04/2016 Books
            UBT - Lipjan UBT - Lipjan   05/04/2016     05/04/2016 05/04/2016 Books
UBT Library © 2015-2024. All rights reserved University Education for Business and Technology